[Event "Challenge"]
[Site "http://www.queenalice.com/game.php?id=464222"]
[Date "2008.9.16"]
[Round "-"]
[White "averroes02"]
[Black "zegan13"]
[Result "0-1"]
[WhiteElo "2262"]
[BlackElo "2243"]

1. d4 d5 2. c4 e6 3. Nc3 c6 4. Nf3 Nf6 5. e3 Bd6 6. Bd3 Nbd7 7. e4 dxc4 8. Bxc4
e5 9. O-O O-O 10. Bg5 Qe7 11. d5 Nb6 12. Be2 cxd5 13. Bxf6 gxf6 14. Nxd5 Nxd5
15. Qxd5 Be6 16. Qd2 Rac8 17. Rfc1 f5 18. Qh6 Rxc1+ 19. Rxc1 fxe4 20. Ng5 Bf5
21. Bg4 Bg6 22. Bh5 e3 23. fxe3 Bc5 24. Rc3 b6 25. Bxg6 fxg6 26. Qh4 e4 0-1

[Event "Challenge"]
[Site "http://www.queenalice.com/game.php?id=464223"]
[Date "2008.9.16"]
[Round "-"]
[White "zegan13"]
[Black "averroes02"]
[Result "1-0"]
[WhiteElo "1950"]
[BlackElo "2259"]

1. e4 e6 2. d4 d5 3. Nc3 Bb4 4. e5 c5 5. a3 Bxc3+ 6. bxc3 Ne7 7. Qg4 O-O 8. Bd3
Nbc6 9. Qh5 h6 10. Nf3 Qc7 11. Bxh6 Nf5 12. Bxg7 1-0

[Event "AUTO-ELITE-217"]
[Site "http://www.queenalice.com/game.php?id=465536"]
[Date "2008.9.19"]
[Round "1"]
[White "averroes02"]
[Black "Chuzete"]
[Result "0-1"]
[WhiteElo "2283"]
[BlackElo "2283"]

1. d4 d5 2. c4 c6 3. Nf3 Nf6 4. Nc3 a6 5. c5 Bf5 6. Qb3 Qc8 7. h3 Nbd7 8. g4 Bg6
9. Bf4 e6 10. Bg2 Be7 11. Na4 Bd8 12. O-O O-O 13. Bd6 Re8 14. Nc3 Ne4 15. Nxe4
Bxe4 16. Rac1 Be7 17. Bxe7 Rxe7 0-1

[Event "AUTO-ELITE-217"]
[Site "http://www.queenalice.com/game.php?id=465537"]
[Date "2008.9.19"]
[Round "1"]
[White "Chuzete"]
[Black "averroes02"]
[Result "1-0"]
[WhiteElo "2270"]
[BlackElo "2296"]

1. d4 Nf6 2. c4 e6 3. Nf3 b6 4. g3 Ba6 5. b3 Bb7 6. Bg2 Bb4+ 7. Bd2 a5 8. O-O
O-O 9. Qc2 Be4 10. Qb2 Nc6 11. a3 Bxd2 12. Nbxd2 d5 13. Rac1 Rc8 14. Rfd1 Ne7
15. Nxe4 Nxe4 16. Ne5 f6 17. Nd3 1-0

[Event "AUTO-ELITE-217"]
[Site "http://www.queenalice.com/game.php?id=465538"]
[Date "2008.9.19"]
[Round "1"]
[White "averroes02"]
[Black "AndyWo"]
[Result "0-1"]
[WhiteElo "2271"]
[BlackElo "2518"]

1. d4 Nf6 2. c4 e6 3. Nc3 Bb4 4. e3 O-O 5. Bd3 d5 6. Nf3 c5 7. O-O dxc4 8. Bxc4
Nbd7 9. Qe2 b6 10. Rd1 cxd4 11. exd4 Bb7 12. d5 Bxc3 13. dxe6 Bxf3 14. gxf3 fxe6
15. Bxe6+ Kh8 16. bxc3 Qc7 17. Qc4 Nc5 18. Bh3 Qe5 19. Be3 Rae8 20. Rd2 Qh5 21.
Bg2 Rc8 0-1

[Event "AUTO-ELITE-217"]
[Site "http://www.queenalice.com/game.php?id=465539"]
[Date "2008.9.19"]
[Round "1"]
[White "AndyWo"]
[Black "averroes02"]
[Result "1-0"]
[WhiteElo "2521"]
[BlackElo "2266"]

1. e4 c5 2. Nf3 d6 3. d4 cxd4 4. Nxd4 Nf6 5. Nc3 a6 6. Be2 e5 7. Nb3 Be7 8. O-O
O-O 9. Be3 Be6 10. Qd2 Nbd7 11. a4 Rc8 12. a5 Qc7 13. Rfd1 Bxb3 14. cxb3 Nc5 15.
Bxc5 dxc5 16. Bc4 Rfd8 17. Bd5 Rd6 18. Qe2 Rd7 19. Qf3 Rcd8 20. Rd3 Kf8 21. Qf5
g6 22. Qf3 1-0

[Event "Challenge"]
[Site "http://www.queenalice.com/game.php?id=465767"]
[Date "2008.9.20"]
[Round "-"]
[White "trajan42"]
[Black "averroes02"]
[Result "0-1"]
[WhiteElo "2159"]
[BlackElo "2238"]

1. d4 d5 2. c4 c6 3. Nf3 Nf6 4. e3 e6 5. Bd3 Nbd7 6. Nbd2 Be7 7. O-O O-O 8. Qc2
c5 9. cxd5 exd5 10. b3 cxd4 11. exd4 Bd6 12. Bb2 Re8 13. Rfe1 Rxe1+ 14. Rxe1 Ne8
15. Ne5 Nef6 16. Nef3 Nf8 17. Ne5 Be6 18. Rc1 Rc8 19. Qb1 Rxc1+ 20. Qxc1 Qc7 21.
Qxc7 Bxc7 0-1

[Event "SA team"]
[Site "http://www.queenalice.com/game.php?id=484342"]
[Date "2008.10.28"]
[Round "4"]
[White "holandes"]
[Black "averroes02"]
[Result "0-1"]
[WhiteElo "2033"]
[BlackElo "2255"]

1. e4 c5 2. Nf3 e6 3. d4 cxd4 4. Nxd4 a6 5. Nc3 Qc7 6. Be3 Bb4 7. Qd2 Nf6 8. Bd3
d5 9. exd5 Nxd5 10. Nde2 O-O 11. O-O-O Nc6 12. a3 Nxe3 13. Qxe3 Ba5 14. Qe4 f5
15. Qh4 b5 16. g4 Bb7 17. gxf5 exf5 18. Rhg1 Ne5 19. Qg5 Nf3 20. Qg2 Bxc3 0-1

[Event "AUTO-MASTER-589"]
[Site "http://www.queenalice.com/game.php?id=490762"]
[Date "2008.11.9"]
[Round "2"]
[White "REZENDEBRASIL"]
[Black "averroes02"]
[Result "1-0"]
[WhiteElo "2259"]
[BlackElo "2236"]

1. c4 e5 2. Nc3 Nf6 3. Nf3 Nc6 4. d4 exd4 5. Nxd4 Bb4 6. Nxc6 bxc6 7. Qb3 a5 8.
a3 Bc5 9. Na4 Bd6 10. Qe3+ Qe7 11. Qxe7+ Bxe7 12. Bf4 d6 13. g3 c5 14. Bg2 Rb8
15. Bc6+ Bd7 16. Bxd7+ Nxd7 17. O-O Nb6 18. b3 Nxa4 19. bxa4 Rb2 20. e4 g5 21.
Be3 Kd7 22. f4 g4 23. Rf2 Rhb8 24. Rd1 Kc6 25. e5 R2b3 26. Bc1 1-0

[Event "AUTO-MASTER-589"]
[Site "http://www.queenalice.com/game.php?id=490763"]
[Date "2008.11.9"]
[Round "2"]
[White "averroes02"]
[Black "REZENDEBRASIL"]
[Result "0-1"]
[WhiteElo "2225"]
[BlackElo "2270"]

1. d4 Nf6 2. c4 d5 3. cxd5 Nxd5 4. e4 Nf6 5. Nc3 e5 6. Nf3 exd4 7. Qxd4 Nbd7 8.
e5 Bc5 9. Qc4 O-O 10. exf6 Qxf6 11. Be2 Re8 12. O-O h6 13. Bd3 b5 14. Nxb5 Ba6
15. Qg4 c6 16. Qxd7 Rad8 17. Nc7 Rxd7 18. Nxe8 Qd8 19. Bxa6 Qxe8 20. Bd2 Qb8 21.
b3 Bb4 22. Be3 Ba5 23. Rac1 Qd6 24. Bc8 Rd8 25. Bb7 Bb6 26. Bxb6 axb6 0-1

[Event "AUTO-MASTER-589"]
[Site "http://www.queenalice.com/game.php?id=490766"]
[Date "2008.11.9"]
[Round "2"]
[White "averroes02"]
[Black "KirumbaKizumba"]
[Result "0-1"]
[WhiteElo "2268"]
[BlackElo "2280"]

1. d4 Nf6 2. c4 e6 3. Nc3 Bb4 4. e3 O-O 5. Bd3 d5 6. Nf3 c5 7. O-O Nc6 8. a3
Bxc3 9. bxc3 b6 10. cxd5 exd5 11. dxc5 bxc5 12. c4 Rb8 13. Qc2 Bg4 14. cxd5 Qxd5
15. Bc4 Qh5 16. Nd2 Na5 17. Bb2 Bf5 18. Qa4 Rxb2 19. Qxa5 Ng4 20. h3 Ne5 21. Bd5
Bxh3 22. gxh3 Qg6+ 23. Kh1 Qd3 24. Qxc5 Rb5 25. Bxf7+ Nxf7 26. Qd4 Qxd4 27. exd4
Ng5 28. Kg2 Ne6 29. Rae1 Rg5+ 30. Kh1 Nxd4 31. Re7 Nf3 32. Nxf3 Rxf3 33. Re8+
Kf7 34. Re3 Rxe3 35. fxe3+ Ke6 36. Rf4 Ra5 37. Re4+ Kf6 38. Rf4+ Kg6 39. Rg4+
Kh6 0-1

[Event "AUTO-MASTER-589"]
[Site "http://www.queenalice.com/game.php?id=490767"]
[Date "2008.11.9"]
[Round "2"]
[White "KirumbaKizumba"]
[Black "averroes02"]
[Result "1-0"]
[WhiteElo "2245"]
[BlackElo "2252"]

1. Nf3 d5 2. g3 Nf6 3. Bg2 g6 4. O-O Bg7 5. c4 O-O 6. cxd5 Nxd5 7. Nc3 Nc6 8. d4
Nb6 9. e3 e5 10. d5 Na5 11. e4 c6 12. Bg5 f6 13. Be3 cxd5 14. Bxb6 Qxb6 15. Nxd5
Qd8 16. Rc1 Nc6 17. b4 Bh6 18. Rc3 a6 19. Qa4 Bg4 20. Rd1 Rf7 21. h3 Be6 22. Bf1
Qf8 23. Nb6 Re8 24. Bxa6 Qxb4 25. Qxb4 Nxb4 26. Bb5 Nc6 27. a4 Bxh3 28. a5 Re6
29. a6 Na7 30. Bc4 bxa6 31. Rd8+ 1-0

[Event "AUTO-MASTER-562"]
[Site "http://www.queenalice.com/game.php?id=505327"]
[Date "2008.12.9"]
[Round "2"]
[White "jeantomasia"]
[Black "averroes02"]
[Result "0-1"]
[WhiteElo "2142"]
[BlackElo "2240"]

1. e4 e6 2. d4 d5 3. Nc3 Bb4 4. e5 c5 5. a3 Bxc3+ 6. bxc3 Ne7 7. Nf3 Bd7 8. Bd3
Qa5 9. Bd2 c4 10. Be2 Nbc6 11. h4 f6 12. exf6 gxf6 13. Nh2 O-O-O 14. f4 Nf5 15.
Nf1 e5 16. g4 Nd6 17. fxe5 fxe5 18. Ng3 Nb5 19. dxe5 Nxc3 20. O-O Qc5+ 0-1

[Event "AUTO-MASTER-562"]
[Site "http://www.queenalice.com/game.php?id=505328"]
[Date "2008.12.9"]
[Round "2"]
[White "averroes02"]
[Black "jeantomasia"]
[Result "1-0"]
[WhiteElo "2260"]
[BlackElo "2111"]

1. d4 Nf6 2. c4 g6 3. Nc3 Bg7 4. e4 O-O 5. Be2 d6 6. Nf3 e5 7. O-O Nc6 8. d5 Ne7
9. Ne1 Nd7 10. f3 f5 11. g4 a5 12. exf5 gxf5 13. Bg5 Nf6 14. Ng2 h6 15. Bh4 Bd7
16. Qc2 fxg4 17. fxg4 Nxg4 18. Rxf8+ Qxf8 19. Rf1 Qe8 20. h3 h5 21. hxg4 hxg4
22. Qe4 Ng6 23. Bxg4 Nf8 24. Ne3 Bh6 25. Nf5 Bf4 26. Ne7+ Kg7 27. Qg2 Bxg4 28.
Qxg4+ Kh6 29. Nf5+ 1-0

[Event "AUTO-MASTER-562"]
[Site "http://www.queenalice.com/game.php?id=505329"]
[Date "2008.12.9"]
[Round "2"]
[White "Bebeto"]
[Black "averroes02"]
[Result "1-0"]
[WhiteElo "2188"]
[BlackElo "2214"]

1. e4 c5 2. Nf3 d6 3. d4 cxd4 4. Nxd4 Nf6 5. Nc3 a6 6. h3 e6 7. Bg5 Be7 8. Bxf6
Bxf6 9. Be2 O-O 10. O-O Qb6 11. Nf3 Qxb2 12. Rb1 Qxc3 13. Bd3 Nd7 14. Rb3 Qa5
15. a3 Nc5 16. Rb1 b5 17. c4 Qxa3 18. Be2 Nxe4 19. cxb5 Nc3 20. Qb3 Nxe2+ 21.
Kh1 Qxb3 22. Rxb3 axb5 23. Re1 Nc3 24. Rc1 1-0

[Event "AUTO-MASTER-562"]
[Site "http://www.queenalice.com/game.php?id=505330"]
[Date "2008.12.9"]
[Round "2"]
[White "averroes02"]
[Black "Bebeto"]
[Result "0-1"]
[WhiteElo "2201"]
[BlackElo "2201"]

1. d4 Nf6 2. c4 g6 3. Nc3 Bg7 4. e4 O-O 5. Be2 d6 6. Bg5 Ne8 7. Nf3 Bg4 8. O-O
Bxf3 9. Bxf3 c6 10. Qd2 Qc7 11. Be2 e6 12. a3 Nd7 13. Be7 Ndf6 14. Bxf8 Kxf8 15.
b4 a6 16. f4 d5 17. cxd5 cxd5 18. e5 Nd7 19. a4 b6 20. b5 a5 21. Rac1 Qd8 22. g4
f5 23. gxf5 gxf5 24. Qd3 Kg8 25. Nxd5 exd5 0-1

[Event "AUTO-MASTER-563"]
[Site "http://www.queenalice.com/game.php?id=513976"]
[Date "2008.12.29"]
[Round "2"]
[White "averroes02"]
[Black "Escila"]
[Result "0-1"]
[WhiteElo "2189"]
[BlackElo "2058"]

1. d4 d5 2. c4 c6 3. Nf3 Nf6 4. Nc3 Bf5 5. e3 e6 6. cxd5 exd5 7. g3 Bb4 8. Nh4
Bg6 9. Bg2 O-O 10. Nxg6 fxg6 11. O-O Nbd7 12. a3 Bd6 13. e4 dxe4 14. Qb3+ Rf7
15. Qxb7 Qc7 0-1

[Event "AUTO-MASTER-563"]
[Site "http://www.queenalice.com/game.php?id=513977"]
[Date "2008.12.29"]
[Round "2"]
[White "Escila"]
[Black "averroes02"]
[Result "1-0"]
[WhiteElo "2079"]
[BlackElo "2173"]

1. e4 e6 2. d4 d5 3. Nc3 Bb4 4. Bd3 dxe4 5. Bxe4 Nf6 6. Bd3 c5 7. a3 Bxc3+ 8.
bxc3 Qc7 9. c4 cxd4 10. Qe2 O-O 11. Nf3 e5 12. Nxe5 Re8 13. f4 Nc6 14. O-O Nxe5
15. fxe5 1-0